| 000 | 00915nam a2200253Ia 4500 | ||
|---|---|---|---|
| 003 | OSt | ||
| 005 | 20220923211434.0 | ||
| 006 | a|||||r|||| 00| 0 | ||
| 007 | ta | ||
| 008 | 220922b |||||||| |||| 00| 0 urd d | ||
| 020 | _a9789350001905 (hbk) | ||
| 024 | _a242,889 | ||
| 037 | _cTextual | ||
| 040 |
_aARTS _cARTS _burd |
||
| 041 |
_2urd _aurd |
||
| 082 | _aO168,3N46x, 152Q0 | ||
| 100 |
_aहिना, ज़ाहिदा; सुहेल, तसनीम, अनु. _9160503 |
||
| 245 | 0 | _aआखि़री बूॅंद की ख़ुशबू | |
| 246 | _aĀkhi़rī būॅanda kī kha़ushabū | ||
| 260 |
_aनयी दिल्ली _b वाणी प्रकाशन _c2010 |
||
| 300 |
_a174पृ0 _ccm. |
||
| 942 |
_hO168,3N46x, 152Q0 _cTEXL _2CC |
||
| 999 |
_c299524 _d299524 |
||